000 00717nam a22002297a 4500
999 _c158963
_d158963
005 20181124152237.0
006 a|||||f|||| 00| 0
007 tc
008 180720b xxu||||| |||| 00| 0 eng d
010 _aB-347951-B-347954
020 _c42.00
035 _aB-347951
037 _bA.I.C.B.
082 _a300
100 _aDatta, S.
245 _aSocial Life of Animal
_cby S. Datta
260 _aDelhi
_bA.C.I.B.
_cN.D.
270 _aSector-5, Rohini,
_bNew Delhi
_e110085
300 _a2V.,various pages.
_c30cm(HB).
942 _2ddc
_cBRLEN
_h300
_mDAT